| 000 | 00661nam a2200205 a 4500 | ||
|---|---|---|---|
| 001 | 000042482 | ||
| 005 | 20201002040200.0 | ||
| 008 | 131204s2009 ko r 000 0 spa d | ||
| 020 | _a9788981640750 | ||
| 040 |
_aDO-SdBNP _bspa _cBNPHU |
||
| 082 |
_axxxx _bxxxx |
||
| 245 | 0 | 0 |
_aA Journey of Soul : _bthe Buddhist painting of the Joseon period / _cKim Seunghee ...[et al.]. |
| 260 |
_aKorea : _bNational Museum of Korea, _c2009. |
||
| 300 |
_a229 p. : _bil., mapas ; _c28 cm. |
||
| 590 | _aInventariado, 2019/BT | ||
| 700 | 1 |
_aMyounghee, Jeong _969669 |
|
| 700 | 1 |
_aJihyun, Hwang _969670 |
|
| 700 | 1 |
_aYoungil, Bae _969671 |
|
| 700 | 1 |
_aKim, Julianne, _etr. _969672 |
|
| 999 |
_c41971 _d41971 |
||